000 00747nam a2200229 i 4500
001 C2-0266873
003 PPAK
005 20180727234233.0
008 050825s2005 my a|||| ||||| | eng d
020 _a9679240797
040 _aPPAK
_beng
_cPPAK
_erda
082 0 4 _a382.09595
_223
090 0 0 _a382.09595
_bSIR
_dR
245 0 0 _aSirim qas international directory of certified products and companies 2004
264 1 _aShah Alam, Selangor :
_bSirim Qas International ,
_c2005
300 _a327 pages :
_bcolour illustrations ;
_c29 cm
336 _2rdacontent
_atext
337 _2rdamedia
_aunmediated
338 _2rdacarrier
_avolume
650 1 0 _aSirim QAS ; Commercial products - Certification - Malaysia - Directories.
942 _ddc
_cB
999 _c75948
_d75948